000 00221nam a22000857a 4500
008 160718b xxu||||| |||| 00| 0 eng d
100 _93012
_a Soanes, C
245 _aCompact Oxford Dictionary
260 _aNew York
_bOxford
_c2001
999 _c2575
_d2575